Νουρμπανού : η λαμπερή σουλτάνα

Saved in:
Bibliographic Details
Main Author: Thibaux, Jean-Michel
Other Authors: Κορομηλά, Έφη (trlf)
Format: Book
Language:Greek
French
Published: Αθήνα : Ωκεανίδα, 2003.
Subjects:
Tags: Add Tag
No Tags, Be the first to tag this record!

MARC

LEADER 00000cam a2200000 i 4500
001 1/25617
008 060303s2003 gr | ||| |||| ||gre||
020 |a 9604103156  
035 |l 10082957 
040 |a GR-MyUA  |b gre  |e AACR2 
041 1 |a gre  |h fre 
082 0 |a 843  |2 (22) 
100 1 |a Thibaux, Jean-Michel. 
245 1 0 |a Νουρμπανού :   |b η λαμπερή σουλτάνα /   |c Ζαν-Μισέλ Τιμπο ; μετάφραση Εφη Κορομηλά.  
260 |a Αθήνα :   |b Ωκεανίδα,   |c 2003.  
300 |a 360 σ. ;   |c 21 εκ.  
500 |a Τίτλος πρωτοτύπου: La princesse de lumiere.  
650 0 0 |a French fiction. 
700 1 |a Κορομηλά, Έφη,  |e trlf 
852 |a INST  |b SAMOS  |e 20060303  |h 843 THI  |p 005300024639  |q 005300024639  |t BK  |y 0 
901 |a BIBL3-2006-1 
909 |a Σ  |b 124801 
922 |a 3ΕΛΗ  |b 200601  |c ΜΕΤΑΠΤΥΧΙΑΚΟ/ΜΑΘΗΜΑΤΙΚΟ  |d ΜΙΧΑΛΟΠΟΥΛΟΣ 
970 |a ΚΟΣΙΕΡΗΣ  |b ΧΡΗΣΤΟΣ  |z 2006/03/03